[Event "BL2-West 1112"]
[Site "Germany"]
[Date "2012.02.05"]
[Round "6.7"]
[White "Wisskirchen, Andreas"]
[Black "Minor, Samuel"]
[Result "0-1"]
[WhiteElo "2233"]
[BlackElo "2214"]
[PlyCount "74"]
[EventDate "2011.10.02"]
[EventType "team-tourn"]
[EventRounds "9"]
[EventCountry "GER"]
[SourceTitle "EXT 2015"]
[Source "ChessBase"]
[SourceDate "2014.11.20"]
[SourceVersion "1"]
[SourceVersionDate "2014.11.20"]
[SourceQuality "1"]
[WhiteTeam "Koeln SF"]
[BlackTeam "Wiesbaden"]
[WhiteTeamCountry "GER"]
[BlackTeamCountry "GER"]

1. Nf3 Nf6 2. c4 e6 3. Nc3 c5 4. g3 b6 5. Bg2 Bb7 6. 0-0 Be7 7. b3 0-0 8. Bb2 d6 9. d4 cxd4 10. Qxd4 Nbd7 11. Rad1 a6 12. e4 Qc7 13. Qe3 Rfd8 14. Nd4 Bf8 15. Qe2 g6 16. f4 Re8 17. Nf3 Bg7 18. Rde1 Rad8 19. e5 dxe5 20. fxe5 Qc5+ 21. Kh1 Ng4 22. Na4 Qc7 23. Bd4 Nc5 24. Nxc5 bxc5 25. Bc3 Bh6 26. Ng5 Bxg5 27. Qxg4 Bd2 28. Bxd2 Rxd2 29. Be4 Red8 30. Kg1 R8d4 31. Qf3 Rxe4 32. Rxe4 Rd4 33. Rfe1 Rxe4 34. Rxe4 Qc6 35. Qf6 Qxe4 36. Qd8+ Kg7 37. Qf6+ Kh6 0-1

[Event "BL2-West 1011"]
[Site "Germany"]
[Date "2011.03.20"]
[Round "8.8"]
[White "Wisskirchen, Andreas"]
[Black "Repplinger, Marc"]
[Result "1/2-1/2"]
[WhiteElo "2236"]
[BlackElo "2209"]
[PlyCount "96"]
[EventDate "2010.10.10"]
[EventType "team-tourn"]
[EventRounds "9"]
[EventCountry "GER"]
[SourceTitle "EXT 2012"]
[Source "ChessBase"]
[SourceDate "2011.11.24"]
[SourceVersion "1"]
[SourceVersionDate "2011.11.24"]
[SourceQuality "1"]
[WhiteTeam "Koeln SF"]
[BlackTeam "Koblenz"]
[WhiteTeamCountry "GER"]
[BlackTeamCountry "GER"]

1. Nf3 d6 2. d4 f5 3. g3 Nf6 4. Bg2 e6 5. 0-0 Be7 6. c4 0-0 7. Nc3 Qe8 8. b3 a5 9. Ba3 Na6 10. Re1 Ne4 11. Qc2 Qg6 12. Ne5 Qe8 13. Nd3 Nxc3 14. Qxc3 c6 15. e4 fxe4 16. Bxe4 Nc7 17. Bb2 Bf6 18. Qc2 d5 19. Bg2 a4 20. Ne5 Qd8 21. Rad1 Bd7 22. Bh3 axb3 23. axb3 Be8 24. Qe2 Bxe5 25. Qxe5 Ra2 26. Rd2 Bg6 27. Bc3 Rxd2 28. Bxd2 Bf5 29. Bg2 Qd7 30. Ra1 Na6 31. h3 Re8 32. Re1 Bg6 33. Bf3 Qc7 34. Qe3 Qb6 35. c5 Qd8 36. Qe5 Qf6 37. Qxf6 gxf6 38. Bc3 Nc7 39. Bg4 Nb5 40. Bb2 Kf7 41. Be2 Ra8 42. Ra1 Rxa1+ 43. Bxa1 Bc2 44. Bxb5 cxb5 45. b4 Kg6 46. f3 h5 47. Bc3 Kf5 48. Kf2 Bb1 1/2-1/2

[Event "BL2-West 1011"]
[Site "Germany"]
[Date "2010.11.14"]
[Round "3.7"]
[White "Wisskirchen, Andreas"]
[Black "Burkart, Patrick"]
[Result "1/2-1/2"]
[WhiteElo "2236"]
[BlackElo "2322"]
[PlyCount "56"]
[EventDate "2010.10.10"]
[EventType "team-tourn"]
[EventRounds "9"]
[EventCountry "GER"]
[SourceTitle "EXT 2012"]
[Source "ChessBase"]
[SourceDate "2011.11.24"]
[SourceVersion "1"]
[SourceVersionDate "2011.11.24"]
[SourceQuality "1"]
[WhiteTeam "Koeln SF"]
[BlackTeam "Hofheim"]
[WhiteTeamCountry "GER"]
[BlackTeamCountry "GER"]

1. d4 g6 2. Nf3 Bg7 3. g3 d5 4. Bg2 Nh6 5. 0-0 Nf5 6. c3 0-0 7. Nbd2 Nd6 8. Re1 c6 9. e4 dxe4 10. Nxe4 Nxe4 11. Rxe4 Bf5 12. Re1 Nd7 13. Bg5 Nf6 14. Qb3 Qd7 15. Ne5 Qc7 16. Bf4 Qb6 17. Nc4 Qa6 18. Bf1 b5 19. Ne3 Be6 20. Qc2 Nh5 21. Ng2 Rfe8 22. a4 Qb7 23. axb5 cxb5 24. Be5 f6 25. Bf4 Bf7 26. Be3 f5 27. Nf4 Nxf4 28. Bxf4 Bd5 1/2-1/2

[Event "BL2-West 1011"]
[Site "Germany"]
[Date "2010.10.24"]
[Round "2.7"]
[White "Balduan, Markus"]
[Black "Wisskirchen, Andreas"]
[Result "1/2-1/2"]
[WhiteElo "2291"]
[BlackElo "2236"]
[PlyCount "37"]
[EventDate "2010.10.10"]
[EventType "team-tourn"]
[EventRounds "9"]
[EventCountry "GER"]
[SourceTitle "EXT 2012"]
[Source "ChessBase"]
[SourceDate "2011.11.24"]
[SourceVersion "1"]
[SourceVersionDate "2011.11.24"]
[SourceQuality "1"]
[WhiteTeam "Solingen Aljechin II"]
[BlackTeam "Koeln SF"]
[WhiteTeamCountry "GER"]
[BlackTeamCountry "GER"]

1. d4 Nf6 2. Nf3 g6 3. c4 Bg7 4. Nc3 0-0 5. e4 d6 6. Be3 Nbd7 7. Nd2 e5 8. d5 Ne8 9. Be2 f5 10. f3 Bh6 11. Bf2 Ndf6 12. c5 dxc5 13. Bxc5 Nd6 14. exf5 gxf5 15. Qc2 b6 16. Bf2 Bb7 17. Qd3 e4 18. Qd4 Qe7 19. Nc4 1/2-1/2

[Event "BL2-West 1011"]
[Site "Germany"]
[Date "2010.10.10"]
[Round "1.6"]
[White "Richter, Wolfgang"]
[Black "Wisskirchen, Andreas"]
[Result "1/2-1/2"]
[WhiteElo "2399"]
[BlackElo "2236"]
[PlyCount "31"]
[EventDate "2010.10.10"]
[EventType "team-tourn"]
[EventRounds "9"]
[EventCountry "GER"]
[SourceTitle "EXT 2012"]
[Source "ChessBase"]
[SourceDate "2011.11.24"]
[SourceVersion "1"]
[SourceVersionDate "2011.11.24"]
[SourceQuality "1"]
[WhiteTeam "Bochum 31"]
[BlackTeam "Koeln SF"]
[WhiteTeamCountry "GER"]
[BlackTeamCountry "GER"]

1. e4 c5 2. c3 d6 3. d4 Nf6 4. Bd3 g6 5. Nf3 cxd4 6. cxd4 Bg7 7. 0-0 0-0 8. h3 Nc6 9. Nc3 e5 10. Be3 exd4 11. Nxd4 d5 12. Nxc6 bxc6 13. exd5 Nxd5 14. Nxd5 cxd5 15. Bc5 Re8 16. Bb5 1/2-1/2

[Event "Oberliga NRW 0910"]
[Site "Germany"]
[Date "2010.04.25"]
[Round "9.8"]
[White "Wisskirchen, Andreas"]
[Black "Hagenhoff, Georg"]
[Result "1-0"]
[WhiteElo "2231"]
[BlackElo "2019"]
[PlyCount "141"]
[EventDate "2009.09.20"]
[EventType "team-tourn"]
[EventRounds "9"]
[EventCountry "GER"]
[SourceTitle "EXT 2011"]
[Source "ChessBase"]
[SourceDate "2010.11.26"]
[SourceVersion "1"]
[SourceVersionDate "2010.11.26"]
[SourceQuality "1"]
[WhiteTeam "Koeln SF"]
[BlackTeam "Lippstadt Turm"]
[WhiteTeamCountry "GER"]
[BlackTeamCountry "GER"]

1. d4 d5 2. Nf3 Nf6 3. c4 e6 4. Nc3 c5 5. cxd5 exd5 6. g3 Nc6 7. Bg2 cxd4 8. Nxd4 Bb4 9. 0-0 Bxc3 10. bxc3 0-0 11. Nxc6 bxc6 12. c4 Be6 13. cxd5 Bxd5 14. Bb2 Re8 15. Bxf6 Qxf6 16. Bxd5 cxd5 17. Qxd5 Rad8 18. Qb5 a6 19. Qc4 Rc8 20. Qd3 Rc3 21. Qd2 Rd8 22. Qf4 Qxf4 23. gxf4 Rc2 24. e3 Kf8 25. a4 Rdd2 26. Rab1 Rb2 27. Rxb2 Rxb2 28. Rd1 Rb4 29. Rd4 Rb6 30. Kg2 Ke7 31. Rd5 Rb4 32. Ra5 Rb6 33. h4 g6 34. Kf3 Kf6 35. Rc5 Ke6 36. a5 Rd6 37. f5+ Kd7 38. fxg6 hxg6 39. Ke4 Ke6 40. Rc7 f5+ 41. Kf4 Kd5 42. Kg5 Ke4 43. Rc4+ Kf3 44. Rf4+ Ke2 45. h5 gxh5 46. Rxf5 Kd3 47. Kxh5 Ke4 48. Kg5 Rc6 49. Rf4+ Kd3 50. Rf6 Rc5+ 51. Rf5 Rc6 52. Kf4 Rc4+ 53. Ke5 Rc6 54. Kd5 Rc2 55. Kd6 Rb2 56. Rd5+ Ke4 57. Rd4+ Kf3 58. Rf4+ Ke2 59. e4 Rb4 60. f3 Ke3 61. Rf5 Rd4+ 62. Kc5 Rd8 63. Kb6 Rd6+ 64. Kb7 Re6 65. e5 Kd4 66. f4 Kc5 67. Rf6 Re7+ 68. Kxa6 Re8 69. Kb7 Re7+ 70. Kc8 Kb5 71. a6 1-0

[Event "Oberliga NRW 0910"]
[Site "Germany"]
[Date "2010.02.21"]
[Round "7.8"]
[White "Wisskirchen, Andreas"]
[Black "Weber, Franz Josef"]
[Result "1-0"]
[WhiteElo "2231"]
[BlackElo "2096"]
[PlyCount "97"]
[EventDate "2009.09.20"]
[EventType "team-tourn"]
[EventRounds "9"]
[EventCountry "GER"]
[SourceTitle "EXT 2011"]
[Source "ChessBase"]
[SourceDate "2010.11.26"]
[SourceVersion "1"]
[SourceVersionDate "2010.11.26"]
[SourceQuality "1"]
[WhiteTeam "Koeln SF"]
[BlackTeam "Monheim"]
[WhiteTeamCountry "GER"]
[BlackTeamCountry "GER"]

1. Nf3 c5 2. c4 Nf6 3. Nc3 g6 4. g3 b6 5. Bg2 Bb7 6. 0-0 Bg7 7. d4 cxd4 8. Qxd4 0-0 9. Qh4 d6 10. Bh6 Nbd7 11. Rfd1 Rc8 12. b3 Re8 13. Bxg7 Kxg7 14. e4 Qc7 15. Nd5 Qc5 16. Nd4 Bxd5 17. exd5 a6 18. Nc6 b5 19. Re1 e5 20. Bh3 h6 21. Bxd7 Nxd7 22. Qe4 f5 23. Qe3 bxc4 24. Qxc5 Nxc5 25. bxc4 Rc7 26. Rab1 Ra8 27. Re2 a5 28. Reb2 a4 29. Rb8 Rxb8 30. Rxb8 e4 31. Kf1 Kf6 32. h4 g5 33. hxg5+ hxg5 34. Ke2 Kg6 35. Ke3 f4+ 36. gxf4 gxf4+ 37. Kxf4 Rf7+ 38. Kg3 Rf3+ 39. Kg2 Nd3 40. Rd8 Rxf2+ 41. Kg3 Rf3+ 42. Kg2 Nf4+ 43. Kg1 Ra3 44. Rxd6+ Kg5 45. Rd8 Rxa2 46. d6 a3 47. d7 Rg2+ 48. Kf1 a2 49. Ra8 1-0

[Event "Oberliga NRW 0910"]
[Site "Germany"]
[Date "2010.01.31"]
[Round "6.8"]
[White "Jaeger, Martin"]
[Black "Wisskirchen, Andreas"]
[Result "1/2-1/2"]
[WhiteElo "2047"]
[BlackElo "2231"]
[PlyCount "42"]
[EventDate "2009.09.20"]
[EventType "team-tourn"]
[EventRounds "9"]
[EventCountry "GER"]
[SourceTitle "EXT 2011"]
[Source "ChessBase"]
[SourceDate "2010.11.26"]
[SourceVersion "1"]
[SourceVersionDate "2010.11.26"]
[SourceQuality "1"]
[WhiteTeam "Duisburg PSV"]
[BlackTeam "Koeln SF"]
[WhiteTeamCountry "GER"]
[BlackTeamCountry "GER"]

1. d4 Nf6 2. Nf3 g6 3. Nc3 d5 4. Bf4 c6 5. Qd2 Bg7 6. Ne5 Nfd7 7. Nxd7 Nxd7 8. Bh6 Bxh6 9. Qxh6 Nf6 10. f3 Qa5 11. Qd2 0-0 12. Ne4 Qxd2+ 13. Nxd2 Re8 14. e3 e5 15. Kf2 h5 16. Bd3 Bd7 17. Rhe1 Re7 18. dxe5 Rxe5 19. e4 dxe4 20. Nxe4 Nxe4+ 21. Rxe4 Rae8 1/2-1/2

[Event "Oberliga NRW 0910"]
[Site "Germany"]
[Date "2010.01.10"]
[Round "5.6"]
[White "Wisskirchen, Andreas"]
[Black "Hengelbrock, Joachim"]
[Result "1/2-1/2"]
[WhiteElo "2231"]
[BlackElo "2299"]
[PlyCount "28"]
[EventDate "2009.09.20"]
[EventType "team-tourn"]
[EventRounds "9"]
[EventCountry "GER"]
[SourceTitle "EXT 2011"]
[Source "ChessBase"]
[SourceDate "2010.11.26"]
[SourceVersion "1"]
[SourceVersionDate "2010.11.26"]
[SourceQuality "1"]
[WhiteTeam "Koeln SF"]
[BlackTeam "Bochum"]
[WhiteTeamCountry "GER"]
[BlackTeamCountry "GER"]

1. Nf3 Nf6 2. c4 e6 3. Nc3 Bb4 4. a3 Bxc3 5. bxc3 0-0 6. g3 b6 7. Bg2 Bb7 8. 0-0 c5 9. d3 Nc6 10. e4 d6 11. Bf4 Re8 12. Re1 h6 13. Qc2 Qe7 14. h3 Rad8 1/2-1/2

[Event "NRW Class2 0809"]
[Site "Germany"]
[Date "2009.04.26"]
[Round "9.7"]
[White "Wisskirchen, Andreas"]
[Black "Marquardt, Benedikt"]
[Result "1-0"]
[WhiteElo "2220"]
[BlackElo "2125"]
[PlyCount "97"]
[EventDate "2008.09.21"]
[EventType "team-tourn"]
[EventRounds "9"]
[EventCountry "GER"]
[SourceTitle "EXT 2010"]
[Source "ChessBase"]
[SourceDate "2010.11.25"]
[SourceVersion "1"]
[SourceVersionDate "2010.11.25"]
[SourceQuality "1"]
[WhiteTeam "KKS"]
[BlackTeam "Solingen III"]
[WhiteTeamCountry "GER"]
[BlackTeamCountry "GER"]

1. d4 Nf6 2. Nf3 e6 3. c4 b6 4. g3 Bb7 5. Bg2 Be7 6. 0-0 0-0 7. Nc3 Ne4 8. Qc2 Nxc3 9. Qxc3 c5 10. Be3 d6 11. Rad1 Bf6 12. Qd2 Qe7 13. Bg5 Nc6 14. Bxf6 Qxf6 15. b3 Rad8 16. d5 Ne7 17. dxe6 fxe6 18. Qg5 Bxf3 19. Qxf6 Rxf6 20. Bxf3 d5 21. Bg4 d4 22. e3 e5 23. f4 e4 24. exd4 Rxd4 25. Rde1 Nc6 26. Re3 Rd2 27. Rf2 Rfd6 28. Rxe4 Rxf2 29. Kxf2 Rd2+ 30. Re2 Rxe2+ 31. Kxe2 Nb4 32. a3 Nc2 33. Kd2 Nxa3 34. Kc3 b5 35. cxb5 Nxb5+ 36. Kc4 Nd4 37. b4 Nc2 38. Kxc5 Kf7 39. b5 h6 40. Bd1 Ne3 41. Bb3+ Ke7 42. Kc6 Nf5 43. Bc4 Kd8 44. Bd3 Nd4+ 45. Kb7 Ke7 46. Kxa7 Nxb5+ 47. Bxb5 Ke6 48. Bc6 Kf5 49. Bf3 1-0

[Event "NRW Class2 0809"]
[Site "Germany"]
[Date "2009.03.22"]
[Round "8.7"]
[White "Kaeding, Rainer"]
[Black "Wisskirchen, Andreas"]
[Result "0-1"]
[WhiteElo "2184"]
[BlackElo "2220"]
[PlyCount "62"]
[EventDate "2008.09.21"]
[EventType "team-tourn"]
[EventRounds "9"]
[EventCountry "GER"]
[SourceTitle "EXT 2010"]
[Source "ChessBase"]
[SourceDate "2010.11.25"]
[SourceVersion "1"]
[SourceVersionDate "2010.11.25"]
[SourceQuality "1"]
[WhiteTeam "Castrop Rauxel"]
[BlackTeam "KKS"]
[WhiteTeamCountry "GER"]
[BlackTeamCountry "GER"]

1. d4 Nf6 2. Bg5 d5 3. Bxf6 gxf6 4. e3 c6 5. Bd3 Qb6 6. b3 Nd7 7. Ne2 e6 8. Nd2 Be7 9. c3 c5 10. 0-0 cxd4 11. exd4 f5 12. Nf3 0-0 13. c4 dxc4 14. bxc4 Kh8 15. Rb1 Qc7 16. Qd2 Rg8 17. Qe3 Nf6 18. h3 b6 19. Nc3 Bb7 20. Nb5 Qd8 21. Be2 Qf8 22. g3 Ne4 23. Nd2 Bg5 24. f4 Nxd2 25. Qxd2 Bf6 26. Rb3 Rd8 27. Rd1 a6 28. Na3 Bxd4+ 29. Qxd4+ Rxd4 30. Rxd4 Qc5 31. Nc2 Be4 0-1

[Event "NRW Class2 0809"]
[Site "Germany"]
[Date "2009.03.01"]
[Round "7.8"]
[White "Alkhazashvili, Ololi"]
[Black "Wisskirchen, Andreas"]
[Result "1/2-1/2"]
[WhiteElo "2091"]
[BlackElo "2220"]
[PlyCount "54"]
[EventDate "2008.09.21"]
[EventType "team-tourn"]
[EventRounds "9"]
[EventCountry "GER"]
[SourceTitle "EXT 2010"]
[Source "ChessBase"]
[SourceDate "2010.11.25"]
[SourceVersion "1"]
[SourceVersionDate "2010.11.25"]
[SourceQuality "1"]
[WhiteTeam "Krefeld"]
[BlackTeam "KKS"]
[WhiteTeamCountry "GER"]
[BlackTeamCountry "GER"]

1. e4 c5 2. Nf3 d6 3. c3 Nf6 4. d3 g6 5. Be2 Bg7 6. 0-0 0-0 7. Nbd2 Nc6 8. Re1 e5 9. Bf1 Rb8 10. a3 b5 11. b4 cxb4 12. axb4 a6 13. Nb3 Bb7 14. Be3 Re8 15. Qd2 Rc8 16. Bg5 Qb6 17. g3 Nd8 18. Bh3 Ne6 19. Be3 Qc7 20. Rac1 d5 21. Ng5 Nxg5 22. Bxg5 Rcd8 23. Qc2 dxe4 24. dxe4 h6 25. Bxf6 Bxf6 26. Nc5 Be7 27. Nxb7 Qxb7 1/2-1/2

[Event "NRW Class2 0809"]
[Site "Germany"]
[Date "2009.02.01"]
[Round "6.8"]
[White "Wisskirchen, Andreas"]
[Black "Heuermann, Heinz Burkhard"]
[Result "1/2-1/2"]
[WhiteElo "2220"]
[BlackElo "2030"]
[PlyCount "129"]
[EventDate "2008.09.21"]
[EventType "team-tourn"]
[EventRounds "9"]
[EventCountry "GER"]
[SourceTitle "EXT 2010"]
[Source "ChessBase"]
[SourceDate "2010.11.25"]
[SourceVersion "1"]
[SourceVersionDate "2010.11.25"]
[SourceQuality "1"]
[WhiteTeam "KKS"]
[BlackTeam "Herford"]
[WhiteTeamCountry "GER"]
[BlackTeamCountry "GER"]

1. Nf3 c5 2. c4 Nc6 3. g3 Nf6 4. Nc3 d5 5. cxd5 Nxd5 6. Bg2 g6 7. 0-0 Bg7 8. Qa4 e6 9. Ne4 Qe7 10. d3 Bd7 11. Qc4 b6 12. Bg5 f6 13. Bd2 0-0 14. a3 Rac8 15. Rac1 h6 16. Nc3 Nxc3 17. Bxc3 Kh7 18. d4 cxd4 19. Nxd4 Nxd4 20. Qxd4 e5 21. Qd3 Rfd8 22. Bb4 Qe8 23. Qa6 Rxc1 24. Rxc1 Rc8 25. Rxc8 Qxc8 26. Qxc8 Bxc8 27. Bd5 f5 28. e4 Bf6 29. Bd6 fxe4 30. Bxe4 Bf5 31. f3 Bxe4 32. fxe4 Kg7 33. a4 a6 34. Kf2 Kf7 35. Ke3 Ke6 36. Bc7 b5 37. axb5 axb5 38. Kd3 Be7 39. Bb6 Kd6 40. Be3 h5 41. h3 Kc6 42. Bd2 Bc5 43. Bc3 Kd6 44. Kc2 Bf2 45. g4 hxg4 46. hxg4 Bg3 47. Bb4+ Kc6 48. Kb3 Bf4 49. Be1 Kc5 50. Bf2+ Kc6 51. Kc3 Kd6 52. Kb4 Kc6 53. Ka5 Bd2+ 54. b4 Bc3 55. Bc5 Bd4 56. Bf8 Bb6+ 57. Ka6 Bd4 58. Be7 Bc3 59. Ka7 Kc7 60. Bf8 Bd4+ 61. Ka8 Bb6 62. Bg7 Bd4 63. Bf6 Bc3 64. Be7 Bd4 65. Bf8 1/2-1/2

[Event "NRW Class2 0809"]
[Site "Germany"]
[Date "2008.11.30"]
[Round "4.8"]
[White "Wisskirchen, Andreas"]
[Black "Richtarsky, Lothar"]
[Result "1-0"]
[WhiteElo "2220"]
[BlackElo "2032"]
[PlyCount "95"]
[EventDate "2008.09.21"]
[EventType "team-tourn"]
[EventRounds "9"]
[EventCountry "GER"]
[SourceTitle "EXT 2010"]
[Source "ChessBase"]
[SourceDate "2010.11.25"]
[SourceVersion "1"]
[SourceVersionDate "2010.11.25"]
[SourceQuality "1"]
[WhiteTeam "KKS"]
[BlackTeam "Hagen"]
[WhiteTeamCountry "GER"]
[BlackTeamCountry "GER"]

1. d4 d5 2. Nf3 Bf5 3. c4 e6 4. Nc3 c6 5. e3 Nd7 6. Be2 Be7 7. 0-0 h6 8. b3 Ngf6 9. Bb2 0-0 10. Rc1 Ne4 11. Nxe4 Bxe4 12. Nd2 Bg6 13. Bf3 f5 14. g3 Nf6 15. Bg2 Qe8 16. Nf3 Bh5 17. Qd3 Bxf3 18. Bxf3 Rd8 19. cxd5 Nxd5 20. e4 Nb4 21. Qe2 Qf7 22. a3 fxe4 23. Bxe4 Nd5 24. Rce1 Bf6 25. Bc2 Rfe8 26. Qg4 h5 27. Qe4 Kf8 28. Qh7 Ne7 29. Rd1 g6 30. Qh6+ Bg7 31. Qe3 Nf5 32. Qe4 Bf6 33. Rd3 Nd6 34. Qf4 g5 35. Qf3 Nf5 36. Rfd1 g4 37. Qe4 Qg7 38. f3 Nd6 39. Qe2 Nf5 40. Qe4 Rd5 41. Rf1 Kg8 42. fxg4 Nd6 43. Qe2 hxg4 44. Rf4 Rg5 45. Rd1 e5 46. dxe5 Bxe5 47. Rxd6 Bd4+ 48. Bxd4 1-0

[Event "NRW Class2 0809"]
[Site "Germany"]
[Date "2008.11.09"]
[Round "3.7"]
[White "Wisskirchen, Andreas"]
[Black "Nowaczynski, Mathias"]
[Result "1/2-1/2"]
[WhiteElo "2220"]
[BlackElo "2113"]
[PlyCount "30"]
[EventDate "2008.09.21"]
[EventType "team-tourn"]
[EventRounds "9"]
[EventCountry "GER"]
[SourceTitle "EXT 2010"]
[Source "ChessBase"]
[SourceDate "2010.11.25"]
[SourceVersion "1"]
[SourceVersionDate "2010.11.25"]
[SourceQuality "1"]
[WhiteTeam "KKS"]
[BlackTeam "Koeln Lasker"]
[WhiteTeamCountry "GER"]
[BlackTeamCountry "GER"]

1. d4 d5 2. Nf3 Nf6 3. c4 e6 4. Nc3 Be7 5. Bg5 0-0 6. e3 Nbd7 7. Rc1 c6 8. Bd3 dxc4 9. Bxc4 Nd5 10. Bxe7 Qxe7 11. 0-0 Nxc3 12. Rxc3 e5 13. dxe5 Nxe5 14. Nxe5 Qxe5 15. f4 Qe4 1/2-1/2